Khé? - Rauw Alejandro, Romeo Santos - Estadísticas

Estadísticas generales
  • Esta prueba ha sido intentada 1.048 veces
  • La puntuación promedio es 324 de 429
Estadísticas de respuestas
Letra % Correcto
que
98%
que?
98%
qué
98%
Que
98%
a
95%
Pa
94%
pa
94%
y
94%
Y
94%
Me
93%
me
93%
Te
93%
te
93%
Es
92%
es
92%
no
91%
la
89%
89%
se
89%
89%
Si
89%
si
89%
yo
88%
Yo
88%
dices
87%
tu
87%
87%
87%
lo
86%
sin
86%
está
85%
mi
85%
85%
digo
84%
ti
84%
en
82%
El
81%
el
81%
estamos
79%
Estamos
79%
de
76%
jugando?
76%
jugando
76%
sentí
75%
borré
74%
pasando
74%
escribí
73%
estás
73%
somos
72%
bien
71%
dije
71%
Dije
71%
nada
71%
tiempo
71%
Por
69%
por
69%
sentía
69%
arruiné
67%
entonces
67%
volando
67%
amaba
66%
nos
66%
nota
65%
quería
65%
Cuando
64%
cuando
64%
duda
64%
eso
64%
fondo
64%
matando
64%
aquí
62%
Pero
62%
pero
62%
besarte
61%
los
61%
queriendo
61%
Sabiendo
61%
solo
61%
tanto
61%
decir
60%
Decir
60%
fui
60%
casa
58%
mentimos?
56%
Con
55%
ibas
55%
muy
55%
Sabes
54%
sentimientos
53%
Cómo
52%
llama
52%
va?
52%
repeat
51%
acuerdo
49%
besé
49%
dónde
49%
mente
49%
apeché
48%
este
48%
juego
48%
tengo
48%
calentura
47%
amiga
45%
dos?
45%
mejor
45%
podemos
45%
quiero
45%
ser
45%
ahora
44%
disimulas
44%
fuerte
44%
llamo
44%
olvidarme
44%
otras
44%
Quédate
42%
quédate
42%
baby
41%
una
41%
hipocresía
40%
Más
39%
Rauw
38%
controlar
36%
dentro
36%
creer
35%
Romeo
35%
careta
33%
banda
32%
hice
32%
mudez
32%
quemo
32%
Dame
31%
pueden
31%
quedo
31%
feo
29%
Alejandro
28%
estoy
27%
fronteando
27%
llevamos
27%
supiste
27%
romo
26%
junto
22%
King
22%
tenemo
21%
The
21%
the
21%
Mami
19%
sepas
18%
especial
16%
atrajo
14%
biggest
9%
Bebé
4%
jaja
4%
Bae
1%
No se encontraron pruebas coincidentes
Distribución de puntuación
Porcentaje de gente con cada puntuación
Porcentaje por número respondido
Historial de tus puntuaciones
No has intentado esta prueba.